Foundations of special and inclusive education / (Record no. 658)
[ view plain ]
| 000 -LEADER | |
|---|---|
| fixed length control field | 00954nam a22002417a 4500 |
| 005 - DATE AND TIME OF LATEST TRANSACTION | |
| control field | 20230713054657.0 |
| 008 - FIXED-LENGTH DATA ELEMENTS--GENERAL INFORMATION | |
| fixed length control field | 230125b |||||||| |||| 00| 0 eng d |
| 020 ## - INTERNATIONAL STANDARD BOOK NUMBER | |
| International Standard Book Number | 978-621-04-0277-3 |
| 082 ## - DEWEY DECIMAL CLASSIFICATION NUMBER | |
| Classification number | Fil. 371.9 F771 2020 |
| 100 ## - MAIN ENTRY--PERSONAL NAME | |
| Personal name | Halal, Cristina A. |
| Relator term | author |
| 245 ## - TITLE STATEMENT | |
| Title | Foundations of special and inclusive education / |
| Statement of responsibility, etc. | Cristina Nieves Aligada-Halal, Marie Rose A. Yuzon, Cristina Rowena S. Padilla, Clarissa Carmelita Mariano-Ligan; Greg Tabios Pawilen, coordinator |
| 250 ## - EDITION STATEMENT | |
| Edition statement | 1st ed. |
| 260 ## - PUBLICATION, DISTRIBUTION, ETC. | |
| Place of publication, distribution, etc. | Quezon City: |
| Name of publisher, distributor, etc. | Rex Book Store Publishing, |
| Date of publication, distribution, etc. | c2020. |
| 300 ## - PHYSICAL DESCRIPTION | |
| Extent | viii, 157p.; |
| Other physical details | ill. |
| 504 ## - BIBLIOGRAPHY, ETC. NOTE | |
| Bibliography, etc. note | Includes references and index |
| 541 ## - IMMEDIATE SOURCE OF ACQUISITION NOTE | |
| Accession number | 6784 c.1, 6785 c.2, 6786 c.3 |
| 650 ## - SUBJECT ADDED ENTRY--TOPICAL TERM | |
| Topical term or geographic name entry element | Special education |
| 650 ## - SUBJECT ADDED ENTRY--TOPICAL TERM | |
| Topical term or geographic name entry element | Inclusive education |
| 700 ## - ADDED ENTRY--PERSONAL NAME | |
| Personal name | Yuzon, Marie Rose A. |
| Relator term | author |
| 700 ## - ADDED ENTRY--PERSONAL NAME | |
| Personal name | Padilla, Cristina Rowena S. |
| Relator term | author |
| 700 ## - ADDED ENTRY--PERSONAL NAME | |
| Personal name | Ligon, Clarissa Carmelita M. |
| Relator term | author |
| 700 ## - ADDED ENTRY--PERSONAL NAME | |
| Personal name | Pawilen, Greg T. |
| Relator term | coordinator |
| Withdrawn status | Lost status | Source of classification or shelving scheme | Damaged status | Not for loan | Home library | Current library | Date acquired | Total Checkouts | Full call number | Barcode | Date last seen | Copy number | Price effective from | Koha item type | Date due | Date last checked out |
|---|---|---|---|---|---|---|---|---|---|---|---|---|---|---|---|---|
| Dewey Decimal Classification | ctu-moalboal | ctu-moalboal | 03/03/2021 | Fil. 371.9 F771 2020 | 6784 | 08/07/2025 | 1 | 01/25/2023 | Books-Filipiniana | |||||||
| Dewey Decimal Classification | ctu-moalboal | ctu-moalboal | 03/03/2021 | 1 | Fil. 371.9 F771 2020 | 6785 | 05/30/2024 | 2 | 01/25/2023 | Books-Filipiniana | 06/13/2024 | 05/30/2024 | ||||
| Dewey Decimal Classification | ctu-moalboal | ctu-moalboal | 03/03/2021 | 2 | Fil. 371.9 F771 2020 | 6786 | 04/13/2024 | 3 | 01/25/2023 | Books-Filipiniana | 04/27/2024 | 04/13/2024 |